00370nam a2200145Ia 4500003000400000008004100004040001600045082001600061100001800077245005100095260004000146300001000186650001400196650001400210GCL140319s9999 xx 000 0 eng d aGCL / cGCL04a684.08bB B1 aBURROWS, DICK10aBASIC WOODWORKING TECHNIQUES / cBURROWS, DICK a[S.N] : bTHE APPLE PRESS ، c1993 a128 P04aHANDCRAFT04aWOOD WORK